000 00891nam a22002177a 4500
999 _c12637
_d12637
003 AR-CdUCM
008 190409b ||||| |||| 00| 0 spa d
040 _aMUNICIPALIDAD PROVINCIAL DEL CUSCO
_cBIBLIOTECA MUNICIPAL DEL CUSCO
041 _hfre
082 _a869.568 /
_bF74
100 _aForgues, Roland
_917627
245 _aJosé María Arguedas del pensamiento dialéctico al pensamiento trágico :
_bhistoria de una utopía /
260 _aLima :
_bHorizonte,
_c1989.
300 _a468 páginas ;
_c21 cm.
440 _aCrítica literaria ;
_n4
_930578
505 _aContenido: La escritura arguediana -- La dialéctica del relato -- Desmitificación y desmistificación -- La problemática del héroe -- El mestizaje como dato esencial -- El espacio mítico ...
650 _aLiteratura peruana
_9169
650 _aSiglo XX.
_98
942 _2ddc
_cLIBROS
945 _aacv
_d2019-04-09